Prezydenci Ukrainy - Statystyki

Ogólne statystyki
  • Ten quiz został rozwiązany 334 razy
  • Średni wynik to 3 z 6
Statystyki odpowiedzi
Lata Prezydent % Poprawnych
od 2014 Petro Poroszenko
90%
2010–2014 Wiktor Janukowycz
79%
2005–2010 Wiktor Juszczenko
59%
1994–2005 Łeonid Kuczma
52%
1991–1994 Łeonid Krawczuk
33%
2014 (p.o.) Ołeksandr Turczynow
14%
Nie znaleziono quizów pasujących do podanych kryteriów
Rozkład punktacji
Procent ludzi z każdym wynikiem
Percentyl według liczby udzielonych odpowiedzi
Twoja historia wyników
Nie rozwiązałeś tego quizu